000 00580nam a22001937a 4500
003 KOHA_MİRAKIL
005 20250930141803.0
008 250930b tu ||||| |||| 00| 0 tur d
020 _a9786059087032
040 _aTR-AnABB
_btur
_cTR-AnABB
041 _atur
082 _a823.8
_bDOY 2015
100 _aDoyle, Arthur Conan,
_d1859-1930
245 1 0 _aSherlock holmes: Matematik dehasının hikayesi /
_cArtur Conan Doyle
260 _aİstanbul :
_bŞule Yayınları,
_c2015
300 _a183 sayfa ;
_c21 cm
650 0 4 _aİngiliz edebiyatı, roman
942 _2ddc
_cBK
999 _c8973
_d8973
900 _bGizem YORULMAZ